000 00483nam a2200193Ia 4500
005 20250317130358.0
008 008 250317s9999 xx 000 0 eng d
037 _aTextbook
040 _aFMSL
_beng
_cFMSL
041 _aeng
_2eng
084 _qFMSL
100 _aCohen L
_9123551
245 0 _aResearch methods in education
250 _a2nd
260 _aCroom
_bCroom, Helm
_c1980
300 _a383p
942 _cTB
999 _c1263522
_d1263522